| 000 | 00323nam a2200121Ia 4500 | ||
|---|---|---|---|
| 005 | 20250409181228.0 | ||
| 008 | 250409s9999||||xx |||||||||||||| ||und|| | ||
| 100 | _aCHATTERJEE, ARUN | ||
| 245 | 0 | _aCREDIT MANAGEMENT A PRACTICAL APPROACH | |
| 260 |
_bSKYLARK PUBLICATIONS, _aNEW DELHI: |
||
| 650 | _vManagement | ||
| 942 | _cBOOK | ||
| 999 |
_c13390 _d13390 |
||